01478nam a2200349 a 4500001001000000003000500010005001700015008004100032010001100073011001100084040000900095090001000104100003600114245016900150260004100319500006000360502008500420590004000505590004000545650004100585650002100626650003100647650003200678650003000710856007000740901000700810942001000817942000600827999001900833952014000852952013600992000111493CHAP20220329144214.0150512s2015 mx a fsm |||||||spa d a107955 a108927 cCHAP aTesis1 aMorales Licona, Gerardo912938210aOptimización de la nixtamalización de cebada maltera (Hordeum vulgare L.) y su aplicación en galleta integral dulceh[En línea]cpor Gerardo Morales Licona. aChapingo, Méx. :bEl autor,c2015. aPara ver el contenido del material haga clic en la liga aTesis (Ing. Agroindustrial) -- UACH. Departamento de Ingeniería Agroindustrial aE6096MTMb05c20150512lUCH01h1453 aE6096MTMb05c20150512lUCH01h145414aCebada malteraxSubproductos.92073014aGalletas.94443114aHarina de cereales.95270014aHarinaxProteínas.95268814aNixtamalización.981486 aFinding aiduhttp://10.13.5.2/tesis/sist111493.pdfzTeclea aquí aBK cTESIS n0 c107955d107955 00102local4053708TESISaBCbBCcPA_TESISd2015-05-12fTESISl0oTesisp33724002485470r2019-12-31 00:00:00tc.2w2019-12-31yTESIS 00104054718TESISaBCbBCd2015-05-12fTESISl0oTesisp33724002485512r2019-12-31 00:00:00w2019-12-31yTESISzRecien adquirido